header

Ancient Greek love magic (Record no. 168748)

MARC details
000 -LEADER
fixed length control field 01241nam a2200325Ia 4500
100 1# - MAIN ENTRY--AUTHOR NAME
Personal name Faraone, Christopher A.
245 10 - TITLE STATEMENT
Title Ancient Greek love magic
260 ## - PUBLICATION, DISTRIBUTION, ETC. (IMPRINT)
Place of publication Cambridge, Mass. :
Name of publisher Harvard University Press,
Year of publication 1999.
300 ## - PHYSICAL DESCRIPTION
Number of Pages xii, 223 p.
650 #0 - SUBJECT ADDED ENTRY--TOPICAL TERM
Topical Term Magic, Greek.
Topical Term Love
Topical Term Sex role
Topical Term Sex
856 40 - ELECTRONIC LOCATION AND ACCESS
Uniform Resource Identifier http://site.ebrary.com/lib/rucke/Doc?id=10318502

No items available.

© 2026 Rongo University
Contact us: librarian | system librarian | Rongo university